000 01084cam a2200313 i 4500
001 bg
003 KOSZ 005
005 20200406102901.0
008 980313s1998 pl a f f |000 0 pol
015 _aPB 1998/2593
020 _a8301124830
035 _a(OCoLC)749864082
040 _aWA N
_cKOSZ 005/HR
_dKOSZ 005/HR
080 _a620.17
080 _a(075.8+076)
100 1 _aBanasiak, Mirosław
_eAutor
245 1 0 _aZbiór zadań z wytrzymałości materiałów /
_cM. Banasiak, K. Grossman, M. Trombski.
250 _aWyd. 2 popr.
260 _aWarszawa :
_bWydaw. Naukowe PWN,
_c1998.
300 _a606, [2] s. :
_brys., wykr. ;
_c24 cm.
504 _aBibliogr. s. [607].
655 4 _aĆwiczenia i zadania dla szkół wyższych
650 4 _aWytrzymałość materiałów
700 1 _aGrossman, Kazimierz.
700 1 _aTrombski, Marek
_d(1937- ).
710 2 _aWydawnictwo Naukowe PWN
_4pbl.
856 _uhttp://koha.tu.koszalin.pl/cgi-bin/koha/opac-detail.pl?biblionumber=34254
_yKatalog online BPK
942 _2UKD
_cKS
999 _c34254
_d34254